| 000 | 01100nam a22003497a 4500 | ||
|---|---|---|---|
| 003 | CHAP | ||
| 005 | 20220329143311.0 | ||
| 008 | 080326d2007 mx ad r 00110 spa d | ||
| 010 | _a94647 | ||
| 011 | _a95619 | ||
| 020 | _a9702607701 | ||
| 035 | _a106247 | ||
| 040 | _cCHAP | ||
| 082 | 0 | 4 |
_a658.8 _bK68 2007 |
| 100 | 0 | 0 |
_aKotler, Philip. _963789 |
| 245 | 1 | 0 |
_aMarketing : _bversión para Latinoamérica _c/por Philip Kotler y Gary Armstrong |
| 250 | _a11 ed. | ||
| 260 |
_aMéxico, D.F. : _bPearson educación, _c2007 |
||
| 300 |
_axx, 655 p. : _bilus. ; gráfs. ; tablas ; diagramas |
||
| 500 | _aTrad de : Principles of marketing, 11 ed. c2006 | ||
| 590 |
_aBATCH-UPD _b10 _c20130110 _lUCH01 _h0613 |
||
| 590 |
_aCONVERSION _b10 _c20130109 _lUCH01 _h1352 |
||
| 650 | 1 | 4 |
_aComercio. _925557 |
| 650 | 1 | 4 |
_aMercadeo. _974880 |
| 650 | 1 | 4 |
_aNegocios. _980696 |
| 650 | 1 | 4 |
_aPrecios. _991344 |
| 650 | 1 | 4 |
_aPublicidad. _992811 |
| 700 | 1 |
_aArmstrong, Gary _97227 |
|
| 901 | _aBK | ||
| 942 | _cLIBRO | ||
| 949 |
_a658.8 K68 2007 _bBC _cLIBRO _d33724002043132 _eLIBRO _gI.c/e _h109330 _i106247 _si _t$292.80 |
||
| 999 |
_c94647 _d94647 |
||